00314nam a22000977a 4500040000900000082001300009100001800022245010100040260003300141650004200174 cNust a355bKEN aKennedy, Paul aThe Rise and Fall of The Great Powers,bEconomic Change and Military Conflict From 1500 to 2000 aUSA:bHarper Collins,c1988. aThe Rise and Fall of The Great Powers